00368nam a22001577a 4500003000500000005001700005008004100022020001800063040000600081082001500087100001800102245003400120260003500154300000900189650001200198CEME20210628210657.0210211b xxu||||| |||| 00| 0 eng d a81-203-1561-8 c. a004.67 FAR aFarrar, Brain aUsing activex special edition aNEW DELHIbPRENTICE HALLc1999 a389P aACTIVEX